000 01045nam a2200289 i 4500
003 DO-SdBNP
005 20230802085712.0
007 ta
008 100308s1987 dr 001 0 spa d
040 _aDO-SdBNP
_bspa
_cBNPHU
_erda
082 _axxxx
_bC965e
100 _aCuevas Sena, Félida
_936906
245 1 0 _aEnseñanza multigrado /
_cFélida Cuevas Sena, Ana Antonia García Alejo, Vianela Mella Féliz, Claudio Homero Pérez, María Ramona Vicioso
264 _aSanto Domingo :
_bSecretaria de Estado de Educación, Bellas Artes y Cultos,
_c1987.
300 _a114 pàginas
_c24 cm.
336 _2rdacontent
_atexto
_btxt
337 _2rdamedia
_asin mediación
_bn
338 _2rdacarrier
_avolumen
_bnc
500 _aRevisado, 1986.
590 _aInventariado, 2023/ YL
700 1 _aGarcía Alejo, Ana Antonia
_936906
_eAutora
700 1 _aMella Féliz, Vianela
_eAutora
_983853
700 1 _aHomero Pérez, Claudio
_eAutor
_983854
700 1 _aVicioso, María Ramona
_eAutora
_983855
910 _aYLockward
942 _2ddc
_cLBS1
999 _c16144
_d16144